000 00788nam a22002297a 4500
999 _c64969
_d64969
005 20240530110800.0
008 190122s2017 ua ||||| |||| 00| f|ara d
017 _a2016/26587
_bمصر. دار الكتب
020 _a9789777811071
040 _aEG-CaGPL
_cEG-CaGPL
082 0 4 _221
_a813.03 /
_bش س
100 0 _aشذا الخطيب
245 1 0 _aسنوات الوله :
_bسنوات الحب والحرب من المذبحة حتى الحزم /
_cشذا الخطيب
250 _aط.2
260 _aالقاهرة :
_bسما للنشر والتوزيع،
_c2017.
300 _a210 ص. ؛
_c19 سم.
650 0 7 _2qrmak
_aالادب العربى
650 0 7 _2qrmak
_aالقصص العربية
651 _2qrmak
942 _2ddc
_cBK